|
|
|
|
| LEADER |
01990cas a2200313 a 4500 |
| 001 |
AALejournalIMF019243 |
| 008 |
230101c9999 xx r poo 0 0eng d |
| 020 |
|
|
|c 5.00 USD
|
| 020 |
|
|
|z 9781498309592
|
| 022 |
|
|
|a 2663-3493
|
| 040 |
|
|
|a BD-DhAAL
|c BD-DhAAL
|
| 110 |
2 |
|
|a International Monetary Fund.
|b Strategy, Policy, and Review Department.
|
| 245 |
1 |
0 |
|a Flexible Credit Line :
|b Operational Guidance Note.
|
| 264 |
|
1 |
|a Washington, D.C. :
|b International Monetary Fund,
|c 2018.
|
| 300 |
|
|
|a 1 online resource (44 pages)
|
| 490 |
1 |
|
|a Policy Papers
|
| 500 |
|
|
|a <strong>Off-Campus Access:</strong> No User ID or Password Required
|
| 500 |
|
|
|a <strong>On-Campus Access:</strong> No User ID or Password Required
|
| 506 |
|
|
|a Electronic access restricted to authorized BRAC University faculty, staff and students
|
| 520 |
3 |
|
|a This note provides general guidance on the use of the Flexible Credit Line (FCL). After an overview of the instrument, explaining its specific nature, the operational issues are grouped into three areas: -- an outline of the process and specific steps that need to be followed if a member expresses interest in an arrangement; -- guidance on determining qualification of a member; and -- a how-to guide for determining appropriate access levels. The note is an aid to the implementation of the policy and its underlying principles. If there is any instance in which a provision of the guidance note or its implementation conflicts with Board policy, Board policy prevails. It will be revised as needed, for example following relevant policy reviews.
|
| 538 |
|
|
|a Mode of access: Internet
|
| 650 |
|
7 |
|a Arrangement
|2 imf
|
| 650 |
|
7 |
|a FCL Arrangement
|2 imf
|
| 650 |
|
7 |
|a FCL
|2 imf
|
| 650 |
|
7 |
|a PP
|2 imf
|
| 650 |
|
7 |
|a Staff
|2 imf
|
| 651 |
|
7 |
|a Poland, Republic of
|2 imf
|
| 830 |
|
0 |
|a Policy Papers; Policy Paper ;
|v No. 2018/042
|
| 856 |
4 |
0 |
|z Full text available on IMF
|u http://elibrary.imf.org/view/journals/007/2018/042/007.2018.issue-042-en.xml
|z IMF e-Library
|